000
00303nam a22001337a 4500
008
170504b xxu||||| |||| 00| 0 eng d
020
_a
2900495809813
041
_a
eng
080
_2
7 ED
_a
343.9
100
_a
13
101
_a
SHJ
245
_a
CRIMINAL LAW PROCEDURES
_c
SCHEB.J.M
942
_2
udc
_c
BK
999
_c
12627
_d
12627